000 01376nam0a2200325 4500
001 RU\NLR\BIBL_A\012565091
005 20211022114016.0
010 _a978-5-907413-29-0
_9500
021 _aRU
_bКН-П-21-015905
_9КН-П-21-1254
035 _a(NLR Aleph) 012565091
090 _a12472670
_c12472670
100 _a20210715d2020 k y0rusy50 ca
101 0 _arus
102 _aRU
105 _aa z 000zy
181 0 _ai
_baxxe
182 0 _an
200 1 _aПедагогическая система формирования софт скиллз: специфика, содержание, методика
_eмонография
_fПоникарова В. Н.
203 _aТекст
_bвизуальный
_cнепосредственный
210 _aКурск
_cУниверситетская книга
_d2020
215 _a152, [1] с.
_cил., цв. ил.
_d20
320 _aБиблиогр.: с. 72-104 (350 назв.)
606 1 _aВысшие педагогические учебные заведения
_xСтуденты
_xРазвитие коммуникативности
_92513620
_3RU\NLR\AUTH\661489932
686 1 _aЧ489.511.352.25
700 1 _aПоникарова
_bВ. Н.
_gВалентина Николаевна
942 _cBOOK
980 _aNBR
980 _aNB